Double galvanized steel strand and iron wire for electrical transmission and distribution.

Bibliographic Details
Corporate Author: Indiana Steel and Wire Company
Format: Book
Language:English
Published: Muncie, Ind. : Indiana steel and wire company, [1921]
Subjects:

MARC

Tag First Indicator Second Indicator Subfields
LEADER 00000cam a2200000 4500
001 in00000095786
005 20150925085657.0
008 800401s1921 inua 00010 eng
010 |a  22005408  
035 |a (OCoLC)06154361 
035 |9 AAL2005AM 
040 |a DLC  |c TXA  |d UtOrBLW 
049 |a TXAM  |c 1 [31958]  |c 2 [18684]  |c 3 [19359] 
050 0 |a TK3321  |b .I6 
110 2 |a Indiana Steel and Wire Company. 
245 1 0 |a Double galvanized steel strand and iron wire for electrical transmission and distribution. 
264 1 |a Muncie, Ind. :  |b Indiana steel and wire company,  |c [1921] 
264 4 |c [©1921] 
300 |a 61 pages including blue-prints, tables. ;  |c 20 cm. 
336 |a text  |b txt  |2 rdacontent 
337 |a unmediated  |b n  |2 rdamedia 
338 |a volume  |b nc  |2 rdacarrier 
650 0 |a Electric wire. 
740 0 |a Steel strand and iron wire. 
999 |a MARS 
999 f f |s 8c989e3d-f8dd-3445-915d-dab1f46cd9ec  |i 7c0559f9-ff45-3a68-b366-9d7d48f82fb4  |t 0 
952 f f |p ric  |a Texas A&M University  |b Rellis Campus  |c Joint Library Facility  |d Remote Storage  |t 0  |e TK3321 .I6  |h Library of Congress classification  |i unmediated -- volume  |m A14805476148 
998 f f |a TK3321 .I6  |t 0  |l Remote Storage